Responses for Show #7372 - Tuesday, October 4, 2016

Seth Wilson game 12.

WE ASKED: Matthew Weiner.

Contestants

[<< previous game]

Ben Wynns, a nonprofit coordinator from New York City, New York

Joe Schneider, a senior index editor from Old Bridge, New Jersey

Seth Wilson, a Ph.D. candidate from Chicago, Illinois (whose 11-day cash winnings total $245,002)

[next game >>]

Jeopardy! Round responses

SALUTE THE RED, WHITE & BLUE
THEATER TALK
HAVE AN "EF"ECT
(Alex: "E-F" coming up in each correct response.)
KEEP IT 100
WHAT A TV CHARACTER!
IT'S THE CATALINA WINE MIXER
    $200 16
Tennessee

Ben
    $200 1
curtain call

Seth
    $200 24
a clef

Seth
    $200 11
(Alex: [*] for 100.)

C

Seth
    $200 3
Beavis and Butthead

Ben
    $200 21
(Ben: Uh... CATALINA WINE MIXER, great movie, $200.)

dry

Seth
    $400 17
France

Seth
    $400 2
a dress rehearsal

Ben
    $400 25
refuge

Joe
    $400 12
Wayne Gretzky

Seth
    $400 4
(Alex: Oh, you are not soap opera fans; [*].)

Erica Kane

Triple Stumper
    $400 22
blanc

Seth
    $600 18
Panama

Ben
    $600 8
upstage

Seth
    $600 26
(Ben: What is the efficient?)

the coefficient

SethBen
    $600 13
googol

Seth
    $600 5
Don Draper

Ben
    $600 23
blush

Triple Stumper
    $800 19
the Southern Cross

Ben
    $1,800 9
climax

Seth
    $800 27
nefarious

Joe
    $800 14
Elvis

Ben
    $800 6
Carroll O'Connor

Ben
    $800 29
shiraz

Joe
    $1000 20
Slovakia

Ben
    $1000 10
dramatis personae

Seth
    $1000 28
effluent

Joe
    $1000 15
a drachma

Seth
    $1000 7
Arthur Fonzarelli

Seth
    $1000 30
Robert Mondavi

Triple Stumper

Scores at the first commercial break (after clue 15):

Seth Joe Ben
$6,800 $0 $2,800

Scores at the end of the Jeopardy! Round:

Seth Joe Ben
$8,600 $3,000 $4,800

Double Jeopardy! Round responses

BRITISH HISTORY
I SEE WHAT YOU DID THERE
BEST PICTURE OSCAR WINNERS BY SETTING
RHYMES WITH A STATE
LAZARUS
RISING
    $400 2
the Restoration

Seth
    $400 7
a mirage

Seth
    $400 3
Casablanca

Seth
    $400 10
(Alex: [*], rhymes with Maine.)

Dane

Joe
    $400 15
the Statue of Liberty

Seth
    $400 19
hydrogen

Seth
    $800 1
the Falkland Islands

Ben
    $800 12
(Ben: What is down?)

plumage

Ben
Triple Stumper
    $800 4
One Flew Over the Cuckoo's Nest

Ben
    $800 11
(Joe: [Without ringing in] What is Bor--)

Borgia

Seth
    $800 16
John

Joe
    $800 20
the phoenix

Ben
    $4,200 6
(Joe: What is Singapore?)
...
(Alex: They gave independence to India and to Pakistan and [*].)

Sri Lanka

Joe
    $1200 13
refraction

Triple Stumper
    $1200 5
Amadeus

Joe
    $1200 14
(Ben: What is the axis?)
...
(Alex: Rhymes with Texas.)

nexus

Ben
Triple Stumper
    $1200 17
Frank Herbert

Seth
    $1200 22
Japan

Ben
    $1600 21
Albion

Seth
    $1600 25
wavelength

Triple Stumper
    $1600 8
From Here to Eternity

Seth
    $1600 24
(Alex: Rhymes with Pennsylvania.)

a mania

Triple Stumper
    $1600 18
Miss Peach

Triple Stumper
    $1600 26
(Joe: What's a cost of living, uh...)

a cost of living allowance

SethJoe
    $2000 23
Stuart

Seth
    $2000 30
sun dogs

Triple Stumper
    $2,000 9
(Seth: What is The Theory of Everything?)

A Beautiful Mind

Seth
    $2000 27
panorama

Seth
    $2000 28
Eugene O'Neill

Joe
    $2000 29
(Joe: What is an updraft?)

a thermal

Joe
Triple Stumper

Scores at the end of the Double Jeopardy! Round:

Seth Joe Ben
$19,400 -$400 $6,400
(lock game)

[wagering suggestions for these scores]

Final Jeopardy! Round responses

IN THE NOVEL
(Alex: All about a fireman doing something he's not supposed to do, just the opposite.)
...
(Alex: [*], Ray Bradbury's novel.)
BenWhat is Fahrenheit 451
$6,400
SethWhat is Fahrenheit 451?
$600
Fahrenheit 451

Final scores:

Seth Joe Ben
$20,000 -$400 $12,800
12-day champion: $265,002 3rd place: $1,000 2nd place: $2,000

Game dynamics:

Coryat scores:

Seth Joe Ben
$20,400 $3,800 $6,400
26 R
(including 1 DD),
1 W
(including 1 DD)
8 R,
3 W
(including 1 DD)
13 R,
3 W

Combined Coryat: $30,600

[game clues] [game scores] [suggest correction]

Game tape date: 2016-07-27
The J! Archive is created by fans, for fans. Scraping, republication, monetization, and malicious use prohibited; this site may use cookies and collect identifying information. See terms. The Jeopardy! game show and all elements thereof, including but not limited to copyright and trademark thereto, are the property of Jeopardy Productions, Inc. and are protected under law. This website is not affiliated with, sponsored by, or operated by Jeopardy Productions, Inc. Join the discussion at JBoard.tv.